书目信息 |
| 题名: |
古代法
|
|
| 作者: | 梅因 著 ;高敏 , 瞿慧虹 译 | |
| 分册: | 二 | |
| 出版信息: | 北京 九州出版社 2007.01 |
|
| 页数: | 270-499页 | |
| 开本: | 23cm | |
| 丛书名: | 西方学术经典文库 | |
| 单 册: | ||
| 中图分类: | D909.12 | |
| 科图分类: | ||
| 主题词: | 法律--fa lu--研究--英、汉--世界--古代 | |
| 电子资源: | ||
| ISBN: | 7-80195-562-5 | |
| 000 | 01136nam 2200301 450 | |
| 001 | 012007340390 | |
| 005 | 20070927085518.57 | |
| 010 | @a7-80195-562-5@dCNY33.00 | |
| 100 | @a20070721d2007 km y0chiy0120 ea | |
| 101 | 2 | @achi@aeng@ceng |
| 102 | @aCN@b110000 | |
| 105 | @ay z 000yy | |
| 200 | 1 | @a古代法@Agu dai fa@d= Ancient law@h二@f(英) 亨利·萨姆奈·梅因著@Fgu dai fa:ying han dui zhao/(ying)heng li·sa mu nai·mei yin zhu@g高敏, 瞿慧虹译@Ggao min,qu hui hong yi@zeng |
| 210 | @a北京@c九州出版社@d2007.01 | |
| 215 | @a270-499页@d23cm | |
| 225 | 2 | @a西方学术经典文库@Axi fang xue shu jing dian wen ku |
| 300 | @a英汉对照 | |
| 305 | @a本书根据Henry Holt And Company版本译出。 | |
| 330 | @a本书收入的内容有:古代有关遗嘱与继承的各种思想、早期财产史、早期契约史、不法行为和犯罪的早期史等。 | |
| 410 | 0 | @12001 @a西方学术经典文库 |
| 510 | 1 | @aAncient law@zeng |
| 606 | 0 | @a法律@Afa lu@x研究@x英、汉@y世界@z古代 |
| 690 | @aD909.12@v4 | |
| 701 | 1 | @a梅因@Amei yin@g(Maine, Henry Sumner)@4著 |
| 702 | 0 | @a高敏@Agao min@4译 |
| 702 | 0 | @a瞿慧虹@Aqu hui hong@4译 |
| 801 | 0 | @aCN@c20070927 |
| 905 | @dD909.12@eM470:2 | |
| 古代法= Ancient law.二/(英) 亨利·萨姆奈·梅因著/高敏, 瞿慧虹译.-北京:九州出版社,2007.01 |
| 270-499页;23cm.-(西方学术经典文库) |
| 英汉对照 |
| ISBN 7-80195-562-5:CNY33.00 |
| 本书收入的内容有:古代有关遗嘱与继承的各种思想、早期财产史、早期契约史、不法行为和犯罪的早期史等。 |
| ● |
| 相关链接 |
|
|
|
正题名:古代法
索取号:D909.12/M470:2
 
预约/预借
| 序号 | 登录号 | 条形码 | 馆藏地/架位号 | 状态 | 备注 |
| 1 | 245506 | 202455066 | 社科库509/509社科库 80排6列5层/ [索取号:D909.12/M470:2] | 在馆 |